[Event "AUTO-INT-1761"]
[Site "http://www.queenalice.com/game.php?id=805012"]
[Date "2010.7.18"]
[Round "1"]
[White "spin"]
[Black "marcelosi"]
[Result "0-1"]
[WhiteElo "1794"]
[BlackElo "1677"]

1. e4 e5 2. Qh5 Nf6 3. Qf3 Bc5 4. b3 d6 5. c3 O-O 6. b4 Bg4 7. Qg3 Bb6 8. h3
Nxe4 9. Qxg4 Nxf2 10. Qf3 Nxh1 11. d4 exd4 12. g3 dxc3 13. Qxh1 Qe7+ 14. Ne2 c2
15. Na3 Qe5 16. Nxc2 c6 17. Bf4 Qf6 18. Rd1 Qb2 19. Qe4 d5 20. Qd3 Qxa2 21. Ned4
Bxd4 22. Nxd4 Nd7 23. Be2 Rfe8 24. Nf5 Qb2 25. Bd2 Qe5 26. Bc3 Qe4 27. Nxg7 Qxd3
28. Rxd3 Ne5 29. Nxe8 Nxd3+ 30. Bxd3 Rxe8+ 31. Kf2 b5 32. Bd4 a6 33. Bf5 h5 34.
Bd7 Re4 35. Bc3 d4 36. Bxc6 Re6 37. Bd5 Rd6 38. Bxd4 Rxd5 39. Be3 f5 40. Kf3 Kg7
41. h4 Rd3 42. Ke2 Ra3 43. Kd2 a5 44. Kc2 Rxe3 45. bxa5 Rxg3 46. a6 Ra3 47. Kb2
Rxa6 48. Kb3 Ra4 49. Kc3 Rxh4 50. Kb3 Rc4 51. Ka3 f4 52. Kb3 f3 53. Ka3 f2 54.
Kb3 f1=Q 55. Ka3 Qd3+ 56. Kb2 Rc2+ 57. Kb1 Qd1# 0-1

[Event "AUTO-INT-1761"]
[Site "http://www.queenalice.com/game.php?id=805013"]
[Date "2010.7.18"]
[Round "1"]
[White "marcelosi"]
[Black "Constantino"]
[Result "1-0"]
[WhiteElo "1648"]
[BlackElo "1689"]

1. e4 e5 2. Nf3 Nc6 3. Nc3 Nf6 4. Bc4 Bb4 5. a3 Bxc3 6. dxc3 Nxe4 7. Ng5 Nxg5 8.
Bxg5 Qxg5 9. Qf3 f6 10. Qd5 d6 11. O-O Bh3 12. Bb5 O-O-O 13. Bxc6 bxc6 14. Qxc6
f5 15. Kh1 e4 16. gxh3 h5 17. Rg1 Qd2 18. Rxg7 Kb8 19. Qxc7+ Ka8 20. Qxa7# 1-0

[Event "AUTO-INT-1761"]
[Site "http://www.queenalice.com/game.php?id=805014"]
[Date "2010.7.18"]
[Round "1"]
[White "Constantino"]
[Black "marcelosi"]
[Result "0-1"]
[WhiteElo "1654"]
[BlackElo "1719"]

1. e4 e5 2. f4 exf4 3. d4 Qh4+ 4. g3 fxg3 5. Nf3 Qh5 6. Nc3 d6 7. Nd5 Na6 8.
Bxa6 Rb8 9. Nxc7+ Kd7 10. Ne5+ Qxe5 11. Nb5 Qxe4+ 12. Qe2 Qxh1+ 13. Kd2 bxa6 14.
Qg4+ Kc6 15. Qxg3 axb5 16. b4 Nf6 17. Qc3+ Kb6 18. Ba3 Qxh2+ 19. Kc1 Bd7 20. Kb2
Rc8 21. Qb3 Be6 22. Qd3 Bc4 23. Qe4 Nxe4 24. Re1 Bd3 25. d5 Qxc2+ 26. Ka1 Qc3+
27. Bb2 Qxe1+ 28. Bc1 Qxc1# 0-1

[Event "AUTO-INT-1761"]
[Site "http://www.queenalice.com/game.php?id=805015"]
[Date "2010.7.18"]
[Round "1"]
[White "marcelosi"]
[Black "Chazam"]
[Result "1-0"]
[WhiteElo "1648"]
[BlackElo "1631"]

1. e4 e5 2. Nf3 Nc6 3. Bc4 h6 4. d3 Bb4+ 5. c3 Ba5 6. b4 Bb6 7. d4 exd4 8. Nxd4
Nxd4 9. cxd4 Qe7 10. e5 Qxb4+ 11. Bd2 Qxc4 12. Be3 Qb4+ 13. Nd2 Bxd4 14. Bxd4
Qxd4 15. O-O Ne7 16. Nf3 Qxd1 17. Raxd1 b6 18. a4 O-O 19. Nd4 Bb7 20. Nb5 Nd5
21. Rc1 c6 22. Nd6 Ba6 23. Rfe1 c5 24. Red1 Ne7 25. Nb5 Bxb5 26. axb5 Rfd8 27.
f4 Nf5 28. g4 Ne3 29. Re1 Nxg4 30. h3 Rac8 31. hxg4 c4 32. Rc3 d5 33. exd6 Rxd6
34. Rec1 Rd4 35. Rf3 Rc5 36. g5 hxg5 37. fxg5 Rxg5+ 38. Kf2 Rxb5 39. Re1 Kf8 40.
Rh3 a5 41. Rh8# 1-0

[Event "AUTO-INT-1761"]
[Site "http://www.queenalice.com/game.php?id=805016"]
[Date "2010.7.18"]
[Round "1"]
[White "Chazam"]
[Black "marcelosi"]
[Result "0-1"]
[WhiteElo "1629"]
[BlackElo "1632"]

1. e4 e5 2. Nf3 Nc6 3. Nc3 Nf6 4. Bb5 Bb4 5. Bxc6 dxc6 6. a3 Bxc3 7. bxc3 Bg4 8.
d3 Bxf3 9. Qxf3 h6 10. Be3 Qd6 11. O-O c5 12. c4 O-O 13. a4 a5 14. Rab1 b6 15.
Qh3 c6 16. Rxb6 Rfb8 17. Rxb8+ Qxb8 18. f4 exf4 19. Rxf4 Qb1+ 20. Rf1 Qxc2 21.
Qg3 Kf8 22. Bxc5+ Kg8 23. Rxf6 Qc1+ 24. Rf1 Qg5 25. Qd6 Rd8 26. Qxc6 Rxd3 27.
Qc7 Rc3 28. Qxf7+ Kh7 29. Bd4 Ra3 30. h3 Rxa4 31. h4 Qg6 32. Qd5 Ra2 33. c5
Qxg2# 0-1

[Event "AUTO-INT-1792"]
[Site "http://www.queenalice.com/game.php?id=820142"]
[Date "2010.8.19"]
[Round "1"]
[White "marcelosi"]
[Black "V_Spy"]
[Result "1-0"]
[WhiteElo "1687"]
[BlackElo "1767"]

1. e4 d5 2. exd5 Qxd5 3. Nc3 Qa5 4. Nf3 Bg4 5. Be2 Nc6 6. d4 Bxf3 7. Bxf3 O-O-O
8. Bxc6 bxc6 9. Bd2 Rxd4 10. Ne2 Qe5 11. g3 c5 12. O-O Re4 13. Nc3 Rb4 14. Re1
Qf5 15. Nd5 Rxb2 16. Bc3 Rb8 17. Ba5 Rb7 18. Rb1 Rxb1 19. Qxb1 Qxd5 20. Rd1 Qc6
21. c4 Nf6 22. Qb2 Qa4 23. Qd2 Qxc4 24. Qd8+ Kb7 25. Qxc7+ Ka6 26. Rb1 Qb5 27.
Rxb5 Kxb5 28. Bc3 Kc4 29. Bxf6 gxf6 30. Qxa7 h5 31. Qb8 h4 32. Qb3+ Kd4 33. gxh4
Rxh4 34. Qa4+ c4 35. Qd1+ Kc3 36. f4 Bh6 37. Qe1+ Kb2 38. Qxh4 c3 39. Qxh6 c2
40. f5 c1=Q+ 41. Qxc1+ Kxc1 42. a4 e5 43. fxe6 fxe6 44. a5 e5 45. a6 e4 46. a7
e3 47. a8=Q e2 48. Qe8 Kd1 49. Kf2 f5 50. Qxe2+ Kc1 51. Ke1 f4 52. Qd2+ Kb1 53.
Kd1 f3 54. Qc2+ Ka1 55. Kc1 f2 56. Qb2# 1-0

[Event "AUTO-INT-1792"]
[Site "http://www.queenalice.com/game.php?id=820143"]
[Date "2010.8.19"]
[Round "1"]
[White "V_Spy"]
[Black "marcelosi"]
[Result "1-0"]
[WhiteElo "1660"]
[BlackElo "1631"]

1. e4 e5 2. Nf3 Nc6 3. Bb5 Nge7 4. Nc3 a6 5. Bxc6 Nxc6 6. O-O g6 7. g3 Bg7 8. d3
O-O 9. b3 d6 10. Bg5 Bf6 11. Qd2 Bg4 12. Bxf6 Qxf6 13. Nh4 Nd4 14. Nd5 Qxh4 15.
f3 Bxf3 16. gxh4 Bxe4 17. Nf6+ Kg7 18. Qg5 Bxd3 19. Nh5+ Kg8 20. Nf6+ Kg7 21.
Nh5+ Kg8 22. Qh6 Bxf1 23. Qg7# 1-0

[Event "AUTO-INT-1792"]
[Site "http://www.queenalice.com/game.php?id=820144"]
[Date "2010.8.19"]
[Round "1"]
[White "marcelosi"]
[Black "ValerioR"]
[Result "0-1"]
[WhiteElo "1706"]
[BlackElo "1456"]

1. e4 d5 2. exd5 Qxd5 3. Nc3 Qa5 4. Nf3 Nf6 5. Bc4 c6 6. d3 b5 7. Bb3 Qd8 8. O-O
e6 9. Ne5 Bd6 10. Qf3 Bxe5 11. Bg5 Bxc3 12. Bxf6 Bxf6 13. c4 bxc4 14. dxc4 Bxb2
15. Rab1 Bf6 16. Rbd1 Qc7 17. Rd3 Bb7 18. Rfd1 c5 19. Ba4+ Bc6 20. Bxc6+ Nxc6
21. a4 O-O 22. Rd7 Qb6 23. a5 Qa6 24. R1d6 Rac8 25. Qa3 Qxc4 26. g3 Ne5 27. Rxa7
Rfd8 28. Rxd8+ Rxd8 29. a6 Rd1+ 30. Kg2 Qf1# 0-1

[Event "AUTO-INT-1792"]
[Site "http://www.queenalice.com/game.php?id=820145"]
[Date "2010.8.19"]
[Round "1"]
[White "ValerioR"]
[Black "marcelosi"]
[Result "0-1"]
[WhiteElo "1482"]
[BlackElo "1680"]

1. e4 e5 2. f4 exf4 3. Nf3 Qe7 4. Nc3 d5 5. d4 dxe4 6. Qe2 exf3 7. Qxe7+ Bxe7 8.
gxf3 Nf6 9. Bxf4 O-O 10. O-O-O Bd6 11. Bg3 Bxg3 12. hxg3 b6 13. Bc4 Bb7 14. Rd3
Nbd7 15. g4 Nxg4 16. Nd5 Nf2 17. Rxh7 Nxd3+ 18. Bxd3 Bxd5 19. Rh1 Bxf3 20. Rh3
Bg4 21. Rh4 Nf6 22. c4 c6 23. Kc2 Rad8 24. Kc3 a5 25. a4 g6 26. b4 axb4+ 27.
Kxb4 Rxd4 28. Bf1 Nd5+ 29. Ka3 Ne3 30. Bh3 Rxc4 0-1

[Event "AUTO-INT-1792"]
[Site "http://www.queenalice.com/game.php?id=820146"]
[Date "2010.8.19"]
[Round "1"]
[White "marcelosi"]
[Black "agsantos"]
[Result "1-0"]
[WhiteElo "1603"]
[BlackElo "1629"]

1. e4 e5 2. Nf3 d5 3. Nxe5 dxe4 4. Bc4 Bd6 5. Nxf7 Ke7 6. Nxd8 Kxd8 7. Nc3 Nf6
8. Qe2 Nc6 9. Nxe4 Nd4 10. Qd3 Nc6 11. Nxd6 cxd6 12. Qxd6+ Bd7 13. d3 Re8+ 14.
Be3 b6 15. O-O h6 16. Bf4 Ne7 17. Qc7# 1-0

[Event "AUTO-INT-1792"]
[Site "http://www.queenalice.com/game.php?id=820147"]
[Date "2010.8.19"]
[Round "1"]
[White "agsantos"]
[Black "marcelosi"]
[Result "0-1"]
[WhiteElo "1612"]
[BlackElo "1616"]

1. e4 e5 2. Bc4 Nf6 3. Nf3 Bc5 4. O-O O-O 5. Nxe5 Nxe4 6. Qf3 Nf6 7. Nc3 d6 8.
Nd3 d5 9. Nxd5 Nxd5 10. Bxd5 Qg5 11. Nxc5 c6 12. d3 Qxd5 13. Qxd5 cxd5 14. Be3
b6 15. Na4 Bd7 16. a3 Bxa4 17. b3 Bb5 18. c4 dxc4 19. dxc4 Bd7 20. a4 Nc6 21.
Rad1 Rad8 22. Rd2 Bf5 23. h3 Rxd2 24. Bxd2 Nd4 25. b4 Bd3 26. Re1 Bxc4 27. Re4
Ne2+ 28. Kh2 Rc8 29. g4 Bd3 30. Re3 Rd8 31. f3 g5 32. Re7 Nd4 33. Rxa7 Nxf3+ 0-1

[Event "QA-ANNIV-06"]
[Site "http://www.queenalice.com/game.php?id=836881"]
[Date "2010.9.23"]
[Round "2"]
[White "marcelosi"]
[Black "Fauquinelle"]
[Result "1-0"]
[WhiteElo "1698"]
[BlackElo "1813"]

1. e4 d5 2. exd5 Qxd5 3. Nc3 Qd6 4. Nf3 Bg4 5. Be2 Nc6 6. d4 e6 7. Nb5 Qd7 8.
Bf4 Bd6 9. Nxd6+ cxd6 10. O-O Nf6 11. h3 Bf5 12. Nh4 Bg6 13. c4 d5 14. c5 a6 15.
b4 Nxb4 16. a3 Nc6 17. Qb3 Nxd4 18. Qb2 Nxe2+ 19. Qxe2 1-0

[Event "AUTO-INT-1712"]
[Site "http://www.queenalice.com/game.php?id=848498"]
[Date "2010.10.20"]
[Round "2"]
[White "juim"]
[Black "marcelosi"]
[Result "1-0"]
[WhiteElo "1738"]
[BlackElo "1732"]

1. e4 e5 2. d4 exd4 3. Qxd4 Nc6 4. Qd1 Nf6 5. Bd3 g6 6. Nf3 d6 7. Bb5 Bd7 8. Nc3
Bg7 9. Bg5 a6 10. Bc4 b5 11. Bd5 O-O 12. Qd2 Qe8 13. Bxf6 Bxf6 14. O-O Be6 15.
Ng5 Bxg5 16. Qxg5 Bxd5 17. Nxd5 Qxe4 18. Nf6+ Kh8 19. Nxe4 Nd4 20. Qf6+ 1-0

[Event "AUTO-INT-1712"]
[Site "http://www.queenalice.com/game.php?id=848499"]
[Date "2010.10.20"]
[Round "2"]
[White "marcelosi"]
[Black "juim"]
[Result "1-0"]
[WhiteElo "1728"]
[BlackElo "1786"]

1. e4 d5 2. exd5 Qxd5 3. Nc3 Qd8 4. d4 Bf5 5. Bc4 e6 6. Bf4 Bd6 7. Bxd6 Qxd6 8.
Qf3 c6 9. Nge2 Bxc2 10. O-O Nf6 11. Rac1 Bg6 12. Nf4 Bf5 13. Rfe1 Bg4 14. Ne4
Bxf3 15. Nxd6+ Ke7 16. Nxb7 Bg4 17. d5 cxd5 18. Bxd5 Nxd5 19. Nxd5+ Kd7 20. Rc7+
Ke8 21. Rc8+ Kd7 22. Rc7+ Ke8 23. Nd6+ Kd8 24. Nxf7+ Ke8 25. Nxh8 Nd7 26. f3 Bf5
27. g4 Kd8 28. Nf7+ Ke8 29. gxf5 Kf8 30. Rxd7 Kg8 31. Rxe6 Rb8 32. Rxa7 h6 33.
Ne7+ Kh7 34. Nxh6 gxh6 35. Nc6+ Kg8 36. Nxb8 1-0

[Event "AUTO-INT-1712"]
[Site "http://www.queenalice.com/game.php?id=848500"]
[Date "2010.10.20"]
[Round "2"]
[White "marcelouco"]
[Black "marcelosi"]
[Result "0-1"]
[WhiteElo "1671"]
[BlackElo "1746"]

1. e4 e5 2. Nf3 Nc6 3. Bc4 Nf6 4. Ng5 d5 5. Bxd5 Nxd5 6. exd5 Qxd5 7. d3 Qxg2 8.
Rf1 Qxh2 9. Qe2 Nd4 10. Qe4 Nxc2+ 11. Kd2 Nxa1 12. Nf3 Qf4+ 13. Qxf4 exf4 14.
Ke2 Bf5 15. Na3 Bxa3 16. bxa3 O-O-O 17. Bxf4 Bxd3+ 0-1

[Event "AUTO-INT-1712"]
[Site "http://www.queenalice.com/game.php?id=848501"]
[Date "2010.10.20"]
[Round "2"]
[White "marcelosi"]
[Black "marcelouco"]
[Result "1-0"]
[WhiteElo "1759"]
[BlackElo "1652"]

1. e4 e5 2. Nf3 Nc6 3. Bc4 Nf6 4. O-O Nxe4 5. Bd5 Nf6 6. Ng5 Nxd5 7. Qf3 Qxg5 8.
Qxd5 d6 9. d4 Bh3 10. Bxg5 Be6 11. Qb5 a6 12. Qxb7 Ra7 13. Qxc6+ Bd7 14. Qc3 Bb5
15. dxe5 Bxf1 16. exd6 Bb5 17. Qe3+ Kd7 18. Qxa7 Bxd6 19. Qd4 f6 20. Bf4 Re8 21.
Nc3 Bc6 22. Bxd6 cxd6 23. Qg4+ Kd8 24. Qxg7 1-0

[Event "AUTO-INT-1761"]
[Site "http://www.queenalice.com/game.php?id=858812"]
[Date "2010.11.14"]
[Round "2"]
[White "Vinicius92"]
[Black "marcelosi"]
[Result "0-1"]
[WhiteElo "1838"]
[BlackElo "1790"]

1. e4 e5 2. Nf3 Nc6 3. Bc4 Bc5 4. Bd5 Nge7 5. Ng5 Nxd5 6. Nxf7 Kxf7 7. exd5 Qf6
8. O-O Nb4 9. a3 Nxd5 10. d3 Rf8 11. Nc3 Nxc3 12. bxc3 d5 13. Qf3 Qxf3 14. gxf3
Kg8 15. Rd1 Rxf3 16. d4 Bb6 17. Bb2 exd4 18. cxd4 c5 19. c3 cxd4 20. cxd4 Bg4
21. Rd2 Ba5 22. Rc2 Rd3 23. Re1 Rd1 24. Rxd1 Bxd1 25. Rc5 b6 26. Rxd5 Bf3 27.
Rd7 Re8 28. h3 Re2 29. d5 Rxb2 30. d6 Rd2 31. Kh2 Kf8 32. Kg3 Rd3 33. Kf4 b5 34.
Rxa7 Bd2+ 35. Ke5 Bc3+ 36. Ke6 Bd5+ 37. Kd7 Rf3 38. Kd8 Bf6+ 39. Kc7 Be5 40. Ra6
Rf7+ 41. Kb6 Bxd6 42. Kxb5 Rb7+ 43. Ka4 Be7 44. h4 Bd8 45. Rd6 Bb3# 0-1

[Event "AUTO-INT-1761"]
[Site "http://www.queenalice.com/game.php?id=858813"]
[Date "2010.11.14"]
[Round "2"]
[White "marcelosi"]
[Black "Vinicius92"]
[Result "1-0"]
[WhiteElo "1771"]
[BlackElo "1834"]

1. e4 c5 2. Bc4 Nc6 3. Qh5 Ne5 4. Qxe5 d6 5. Qd5 e6 6. Bb5+ Ke7 7. Qd3 e5 8. Nf3
a6 9. Bc4 Nh6 10. Nc3 b5 11. Bd5 Rb8 12. b3 b4 13. Na4 Be6 14. Bxe6 Kxe6 15.
Qxa6 Qd7 16. Nxc5+ Ke7 17. Nxd7 Kxd7 18. a3 Be7 19. Qa7+ Ke6 20. d3 f5 21. Bxh6
gxh6 22. exf5+ Kf6 23. axb4 Rxb4 24. Ra6 e4 25. Nd4 Rbb8 26. Nc6 Rbe8 27. Nxe7
Rxe7 28. Qd4+ Kxf5 29. Qxh8 exd3+ 30. Kd2 dxc2 31. Kxc2 Re2+ 32. Kc3 Kf4 33.
Qd4+ Kf5 34. Qd3+ Re4 35. f3 d5 36. fxe4+ dxe4 37. Rf1+ Ke5 38. Qd6# 1-0

[Event "QA-ANNIV-06"]
[Site "http://www.queenalice.com/game.php?id=885017"]
[Date "2011.1.12"]
[Round "3"]
[White "Antonino"]
[Black "marcelosi"]
[Result "1-0"]
[WhiteElo "2121"]
[BlackElo "1808"]

1. e4 e5 2. Nf3 Nc6 3. Bc4 Bc5 4. O-O Nf6 5. d4 exd4 6. e5 Ng4 7. Bxf7+ Kxf7 8.
Ng5+ Ke8 9. Qxg4 Nxe5 10. Qe2 d6 11. Ne4 Bb6 12. Bg5 Qd7 13. Nbd2 Ba5 14. Nc4
Nxc4 15. Nf6+ Kf7 16. Nxd7 Bxd7 17. Qxc4+ 1-0